000 01286nam1a2200313 4500
001 RU\NLR\BIBL_A\016265413
005 20250807185139.0
035 _a(NLR Aleph) 016265413
090 _a76594
_c76594
100 _a20230123d1944 c y0rusy50 ca
101 0 _aava
102 _aRU
105 _ay z 000 y
181 0 _ai
_baxxe
182 0 _an
200 1 _aГеография
_eбайбихьул школалъе учебник
_fЛ. Г. Терехова ва В. Г. Эрдели
203 _aТекст
_bвизуальный
_cнепосредственный
210 _aМахачкала
_cДагучпедгиз
_d1944
215 _d21
541 1 _aГеография
_zrus
_eучеб. для нач. шк.
606 1 _aГеография
_jУчебники для начальной школы
_2nlr_sh1
_2nlr_sh2
_3RU\NLR\AUTH\6662461
689 1 _aД82 я72
700 1 _aТерехова
_bЛ. Г.
_gЛидия Григорьевна
_3RU\NLR\AUTH\770278601
701 1 _aЭрдели
_bВ. Г.
_f1886-1968
_gВладимир Георгиевич
_3RU\NLR\AUTH\770268140
_4070
852 _aNLR
_bОНЛ
_jАвар./3-240
942 _cBOOK
945 _aРоссийская национальная библиотека
980 _aBV